000 00519nam a2200181Ia 4500
003 LK-CoDNM
008 010623t1928 xxu||||| |||| 00| 1 eng d
040 _aLK-CoDNM
_dLK-CoDNM
_eLK-CoDNM
041 _aeng
080 _a9 S 19
100 _aGrant,Frederick.C.
245 _aNew Horizons of the Christian faith
260 _bMorehouse Publishing Company
_aMilwauku;A.R.Mowbray and Company:London
_c1928
300 _bxxix,287p., 18 cm
500 _aThe Hale Lectures,1927-1928
650 _aNew Bible
942 _cBK
999 _c94319
_d94319